80s - Biggest Rock Hits Sudden Death - Statistics

General Stats
  • This quiz has been taken 910 times
    869 since last reset
  • The average score is 3 of 12
Answers on the Grid
Answers color-coded by a green-red scale on the quiz's grid according to % correct below.
Every Breath You Take
Thunderstruck
November Rain
Africa
Livin' on a Prayer
Hold the Line
Take on Me
Free as a Bird
Bohemian Rhapsody
Smoke on the Water
I Got My Mind Set On You
Now and Then
Highway to Hell
We're Not Gonna Take It
Hotel California
Here I Go Again
Enter Sandman
Everybody Wants to Rule the World
Rosanna
Master of Puppets
Fuel
Hail to the King
Tornado of Souls
The God That failed
Bad Medicine
It's My Life
Here Comes the Sun
Johnny B. Goode
Back in Black
I Want it That Way
 
Answer Stats
Answer % Correct
Every Breath You Take
85%
Livin' on a Prayer
46%
Africa
40%
Take on Me
29%
Everybody Wants to Rule the World
17%
We're Not Gonna Take It
16%
Here I Go Again
15%
I Got My Mind Set On You
13%
Master of Puppets
13%
Back in Black
11%
Bad Medicine
11%
Rosanna
11%
No matching quizzes found
Score Distribution
Percent of People with Each Score
Percentile by Number Answered
Your Score History
You have not taken this quiz since the last reset